| 000 | 00749cam a22002411 4500 | ||
|---|---|---|---|
| 001 | 1694206 | ||
| 003 | OSt | ||
| 005 | 20231125154914.0 | ||
| 008 | 730220s1961 nyua 000 0 eng | ||
| 010 | _a 60013939 | ||
| 020 | _a9788172337636 | ||
| 040 |
_aDLC _cDLC _dDLC |
||
| 050 | 0 | 0 |
_aQL351 _b.S5 1961 |
| 082 | 0 | 0 |
_a590.12 _bSIM/P |
| 100 |
_aSimpson, George Gaylord _d1902-1984. _94961 |
||
| 245 | 0 | 0 |
_aPrinciples of animal taxonomy./ _cGeorge Gaylord Simpson |
| 260 |
_a, _bScientific publishers, _c2018. |
||
| 300 |
_a247 p. _billus. _c24 cm. |
||
| 490 | 0 | _aColumbia biological series, no. 20 | |
| 650 | 0 |
_aAnimals _vClassification. |
|
| 740 | _aAnimal taxonomy. | ||
| 942 |
_2ddc _cBK _h590.12 _iSIM/P _k590.12 _mSIM/P |
||
| 999 |
_c43709 _d43709 |
||